| 000 | 00558nam a2200181Ia 4500 | ||
|---|---|---|---|
| 005 | 20260429112231.0 | ||
| 008 | 260429s9999||||xx |||||||||||||| ||und|| | ||
| 020 | _a9781647821289 | ||
| 041 | _aEnglish | ||
| 082 |
_a658.3008 _bWAS |
||
| 100 | _aWashington, Ella F. | ||
| 245 | 0 |
_aNecessary journey : _bmaking real progress on equity and inclusion / _cElla F. Washington |
|
| 260 |
_aBoston : _bHarvard Business Review, _c2022. |
||
| 300 | _avi, 310 p.; hb | ||
| 650 | _a Personnel management: Workplace diversity | ||
| 650 | _aManagement | ||
| 942 | _cTB | ||
| 999 |
_c53034 _d53034 |
||